000
00339nam a22001457a 4500
008
210429b ||||| |||| 00| 0 eng d
020
_a
9780538434751
041
_a
eng
080
_2
4th
_a
004
082
_a
004
100
_a
28
101
_a
SHKI
245
_a
The Office Procedures and Technology
_c
Mary E. Oliverio
942
_2
udc
_c
BK
999
_c
56923
_d
56923